Oceanian Geographic Groups of Two - Statistics

General Stats
  • This quiz has been taken 284 times
  • The average score is 22 of 32
Answer Stats
Clue Answer % Correct
Countries with word "Islands" in their name Marshall Islands
97%
Countries that start with P Palau
97%
Solomon Islands
96%
Fiji
94%
Smallest countries Nauru
94%
Papua New Guinea
91%
Sydney
91%
Tuvalu
88%
Largest cities Melbourne
86%
Main islands of New Zealand North Island
86%
Official languages of Kiribati English
85%
Kangaroo
85%
South Island
85%
Countries that start with F Federated States of Micronesia
83%
National capitals that start with "Port" Port Moresby
83%
United Kingdom
81%
Countries that ruled Vanuatu France
76%
U.S. territories in Micronesia Guam
74%
Port Vila
70%
Suva
70%
Animals on the coat of arms of Australia Emu
65%
Tasman Sea
62%
Nukuʻalofa
57%
National capitals that start with N Ngerulmud
50%
Seas on the east coast of Australia Coral Sea
49%
Northern Mariana Islands
47%
National capitals that start with S South Tarawa
41%
Niue
40%
Countries in free association with New Zealand Cook Islands
35%
Gilbertese
29%
Largest deserts Great Victoria Desert
28%
Great Sandy Desert
24%
No matching quizzes found
Score Distribution
Percent of People with Each Score
Percentile by Number Answered
Your Score History
You have not taken this quiz